| 000 | 00813nam a22002297a 4500 | ||
|---|---|---|---|
| 005 | 20080729153731.0 | ||
| 008 | 080729t xxu||||| |||| 00| 0 eng d | ||
| 010 | _aENG-90624 | ||
| 020 |
_a8184350848 _c625.00 |
||
| 035 | _aEN-74157 | ||
| 037 | _bDBAD / PUB | ||
| 040 | _aDPL | ||
| 082 | _a332.6327 | ||
| 100 | _aKhatarkar, Yashwant | ||
| 245 |
_aMutual fund / _cby Yashwant Khatarkar |
||
| 260 |
_aNew Delhi _bAdhyayan Publishers & Distributors _c2007 |
||
| 300 |
_avi, 222p. _c22 cm.(Hb) |
||
| 500 | _aIncludes bibliographical references and index | ||
| 650 | _aMutual fund | ||
| 942 |
_2ddc _cEN _h332.6327 _mKHA |
||
| 999 |
_c14645 _d14645 |
||